000
00316nam a22001337a 4500
020
_a
019564326-4
082
_a
030
_b
AUG/O
100
_a
AUGARDE, A.J
245
_a
THE OXFORD PRIMARY SCHOOL DICTIONARY
260
_a
DELHI
_b
OXFORD UNIVERSITY PRESS
_c
1993
300
_a
508
650
_a
DICTIONARY
_z
INDIA
942
_c
BK
999
_c
2032
_d
2032